| 000 | 00939nam a22003018a 4500 | ||
|---|---|---|---|
| 001 | 4217558 | ||
| 005 | 20200421093823.0 | ||
| 008 | 080716r20081986enk 000 f eng d | ||
| 015 |
_aGBA898154 _2bnb |
||
| 020 |
_a9780199538027 (pbk.) : _c£7.99 |
||
| 020 |
_a0199538026 (pbk.) : _c£7.99 |
||
| 035 | _a(Uk)014691097 | ||
| 035 | _a1909217 | ||
| 040 |
_aStDuBDS _beng _cStDuBDS |
||
| 082 | 0 | 4 |
_a823.7 _222 |
| 100 | 1 |
_aScott, Walter, _cSir, _d1771-1832. _9462 |
|
| 245 | 1 | 0 |
_aWaverley, or, 'Tis sixty years since / _cWalter Scott. |
| 250 |
_aNew ed. / _bedited by Claire Lamont. |
||
| 260 |
_aOxford : _bOxford University Press, _c2008. |
||
| 263 | _a200811 | ||
| 300 |
_a1 v. ; _c20 cm. |
||
| 440 | 0 | _aOxford world's classics | |
| 500 | _aThis ed. originally published: 1981. | ||
| 650 | 0 |
_aJacobite Rebellion, 1745-1746 _vFiction. _9464 |
|
| 655 | 7 |
_aHistorical fiction. _2gsafd |
|
| 700 | 1 |
_aLamont, Claire. _9465 |
|
| 942 |
_2ddc _cBK |
||
| 999 |
_c226 _d226 |
||